| 000 | 00614nam a22001815i 4500 | ||
|---|---|---|---|
| 001 | 176614 | ||
| 003 | ES-MaACL | ||
| 005 | 20230906220135.0 | ||
| 008 | 110126s2001 sp a |||| | spa d | ||
| 020 | _a84-607-2172-8 | ||
| 080 | _a321.728(460) | ||
| 100 | 1 |
_aRodríguez-Sabugo Fernández, José Ramón. _9144879 |
|
| 245 | 1 | 3 |
_aLa nueva república española / _cJosé Ramón Rodríguez-Sabugo Fernández. |
| 260 |
_a[s. l.] : _bJosé Ramón Rodríguez-Sabugo Fernández, _cimp. 2001. |
||
| 300 |
_a62 p. : _bil. bl. y n. ; _c17 cm. |
||
| 650 | 4 |
_aRépublica- _zEspaña. _9142785 |
|
| 852 |
_aES-MaACL _j2270-F-8 |
||
| 999 |
_c176614 _d176614 |
||